| 000 | 03077nam a2200541 c 4500 | ||
|---|---|---|---|
| 999 |
_c140150 _d140150 |
||
| 003 | BLK | ||
| 005 | 20250313154940.0 | ||
| 008 | 180409b bul|||||r ||||||| ||bul|| | ||
| 010 | _aKNG00146209000 | ||
| 040 | _aBLK | ||
| 041 |
_aBUL _cBUL |
||
| 072 | 7 |
_2bullib _aК _xКраезнание |
|
| 080 |
_aНационалноосвободителното движение в България (1856-1877) _b94(497.2)"1856/1877" _x(092) _z94(497.2)"1856/1877"(092) |
||
| 080 |
_aСъби Стойков Попович. Български революционер и възрожденец, революционен демократ, публицист, журналист, историк и етнограф _b929 Раковски, Георги Сава _z929 Раковски, Георги Сава |
||
| 100 |
_aРаковски, Георги Стойков _d1821 - 1867 _gРеволюционер, писател, публицист _qПопович, Съби Стойков _9365114 |
||
| 139 |
_aРаковски, Георги Стойков _bР 31 |
||
| 245 | 1 | 0 |
_aАрхив на Г. С. Раковски _bТ. 1 - За том: 1862 - 1867 _cГеорги Стойков Раковски; подг. за печат, с обясн. бел. на том Веселин Николов Трайков; отг. ред. на том Иван Унджиев. _nТ. 4 _pПисма до Раковски |
| 257 | _aBGR | ||
| 260 |
_bБАН _c1952 - |
||
| 300 | _c24 см | ||
| 380 | _a9 | ||
| 500 | _aИзд. на БАН. Инст. за история. | ||
| 600 | 1 | 4 |
_aРаковски, Георги Сава _9244444 |
| 650 | 4 |
_aНационалноосвободително движение - България - дейци _9243361 |
|
| 650 | 4 |
_aРаковски, Георги Сава _9244444 |
|
| 650 | 4 |
_aРеволюционери, български _9252105 |
|
| 650 | 4 |
_aВъзрожденци, български _9246435 |
|
| 651 | 4 |
_aБългария _9241624 |
|
| 653 | _aбългарска история | ||
| 653 | _aнационалноосвободителни движения | ||
| 653 | _aГеорги Раковски | ||
| 653 | _aписма | ||
| 653 | _aвъзрожденци | ||
| 653 | _aреволюционери | ||
| 653 | _aбългарски писатели | ||
| 659 | _aК | ||
| 700 | 1 |
_aТрайков, Веселин Николов _eподг. за печат, с обясн. бел. на том _9364306 |
|
| 700 |
_aУнджиев, Иван Николов _d1902 - 1979 _9369302 |
||
| 760 | 1 |
_aРаковски, Георги Стойков _d1969 _h474 с. : с портр., факс., 1 л. : портр. _nИзд. на БАН. Инст. за история. - 800 тир. _tТ. 4 Писма до Раковски |
|
| 852 | _aЦб 8936 | ||
| 852 | _aК 94(497.2)"1856/1877"(092)/Р 31 | ||
| 856 | 4 | _qpdf | |
| 856 | 4 | _qpdf | |
| 942 |
_cKNG _n0 _s1 |
||
| 944 |
_aCR _c17.07.2013 _lГеновева Генчева _k30560 |
||
| 944 |
_aED _c18.07.2013 _l17.07.2013 - от С1,Р / 17.07.2013 |
||
| 999 | _d140150 | ||